Plant and animal biology. V 1 (Record no. 27200)
[ view plain ]
| 000 -LEADER | |
|---|---|
| fixed length control field | 00392nam a2200169Ia 4500 |
| 082 ## - DEWEY DECIMAL CLASSIFICATION NUMBER | |
| Classification number | 574 |
| Item number | VIN.1 |
| 100 ## - MAIN ENTRY--AUTHOR NAME | |
| Personal name | REES, N |
| 245 #0 - TITLE STATEMENT | |
| Title | Plant and animal biology. V 1 |
| 250 ## - EDITION STATEMENT | |
| Edition statement | Ed.4 |
| 260 ## - PUBLICATION, DISTRIBUTION, ETC. (IMPRINT) | |
| Place of publication | London |
| Name of publisher | Pitman |
| 650 ## - SUBJECT ADDED ENTRY--TOPICAL TERM | |
| Topical Term | Biology |
| 650 ## - SUBJECT ADDED ENTRY--TOPICAL TERM | |
| Topical Term | Parasitic plants |
| 650 ## - SUBJECT ADDED ENTRY--TOPICAL TERM | |
| Topical Term | Vascular plant |
| 700 ## - ADDED ENTRY--PERSONAL NAME | |
| Personal name | VINES, A E |
| 942 ## - ADDED ENTRY ELEMENTS (KOHA) | |
| Koha item type | Books |
| Withdrawn status | Lost status | Damaged status | Not for loan | Home library | Current library | Date acquired | Full call number | Accession Number | Koha item type |
|---|---|---|---|---|---|---|---|---|---|
| RRII Library | RRII Library | 16/12/2021 | 574 VIN.1 | 07827 | Books |